Modern Day Countries that were part of the Portuguese Empire - Statistics

General Stats
  • This quiz has been taken 28 times
  • The average score is 6 of 9
Answer Stats
Country % Correct
Angola
92%
Brazil
88%
Mozambique
88%
India
65%
East Timor
62%
São Tomé and Príncipe
62%
Guinea Bissau
50%
Cabo Verde
35%
Ghana
19%
No matching quizzes found
Score Distribution
Percent of People with Each Score
Percentile by Number Answered
Your Score History
You have not taken this quiz